Welcome to WEB OPAC of MRSPTU Central Library

Discrete Mathematics and Its Applications : With Combinatorics and Graph Theory (Record no. 6550)

MARC details
000 -LEADER
fixed length control field 00489nam a2200169Ia 4500
008 - FIXED-LENGTH DATA ELEMENTS--GENERAL INFORMATION
fixed length control field 230711s9999||||xx |||||||||||||| ||und||
020 ## - INTERNATIONAL STANDARD BOOK NUMBER
International Standard Book Number 978-0-07-068188-0
041 ## - LANGUAGE CODE
Language code of text/sound track or separate title ENG
082 ## - DEWEY DECIMAL CLASSIFICATION NUMBER
Classification number 511.076
Item number RO-D
100 ## - MAIN ENTRY--PERSONAL NAME
Personal name Rosen,Kenneth H
245 #0 - TITLE STATEMENT
Title Discrete Mathematics and Its Applications : With Combinatorics and Graph Theory
250 ## - EDITION STATEMENT
Edition statement 7th Ed.
260 ## - PUBLICATION, DISTRIBUTION, ETC.
Date of publication, distribution, etc. 2017
Place of publication, distribution, etc. New Delhi
Name of publisher, distributor, etc. McGraw Hill Education(India) Private Limited
300 ## - PHYSICAL DESCRIPTION
Extent 843p.
650 ## - SUBJECT ADDED ENTRY--TOPICAL TERM
Topical term or geographic name entry element Mathematics
942 ## - ADDED ENTRY ELEMENTS (KOHA)
Koha item type Book
Holdings
Withdrawn status Lost status Damaged status Not for loan Collection Home library Current library Date acquired Source of acquisition Cost, normal purchase price Inventory number Total checkouts Full call number Barcode Date last seen Price effective from Koha item type Date last checked out Date due
          MRSPTU Central Library MRSPTU Central Library   Krishna Book Distributors 765.00 KBD/2017-2018/1018743059   511.076 RO-D 38799 08/17/2023 08/17/2023 Book    
          MRSPTU Central Library MRSPTU Central Library   Krishna Book Distributors 765.00 KBD/2017-2018/1018743059 11 511.076 RO-D 38800 04/01/2026 08/17/2023 Book 02/10/2026  
          MRSPTU Central Library MRSPTU Central Library   Krishna Book Distributors 765.00 KBD/2017-2018/1018743059   511.076 RO-D 38801 01/29/2024 08/17/2023 Book    
          MRSPTU Central Library MRSPTU Central Library   Krishna Book Distributors 765.00 KBD/2017-2018/1018743059 4 511.076 RO-D 38802 02/14/2025 08/17/2023 Book 01/24/2025  
          MRSPTU Central Library MRSPTU Central Library   Krishna Book Distributors 765.00 KBD/2017-2018/1018743059 7 511.076 RO-D 38803 05/12/2025 08/17/2023 Book 04/11/2025  
          MRSPTU Central Library MRSPTU Central Library   Krishna Book Distributors 765.00 KBD/2017-2018/1018743059 4 511.076 RO-D 38804 03/27/2026 08/17/2023 Book 03/06/2026  
          MRSPTU Central Library MRSPTU Central Library   Krishna Book Distributors 765.00 KBD/2017-2018/1018743059 9 511.076 RO-D 38805 04/27/2026 08/17/2023 Book 04/27/2026 05/18/2026
          MRSPTU Central Library MRSPTU Central Library   Krishna Book Distributors 765.00 KBD/2017-2018/1018743059 4 511.076 RO-D 38806 03/27/2026 08/17/2023 Book 03/06/2026  
          MRSPTU Central Library MRSPTU Central Library   Krishna Book Distributors 765.00 KBD/2017-2018/1018743059 2 511.076 RO-D 38807 03/16/2026 08/17/2023 Book 02/17/2026  
          MRSPTU Central Library MRSPTU Central Library   Krishna Book Distributors 765.00 KBD/2017-2018/1018743059 1 511.076 RO-D 38808 02/06/2024 08/17/2023 Book 02/02/2024  

Website Designed and Developed by MRSPTU Central Library Team

E-mail Id: librarian@mrsptu.ac.in